000 02642nam a22002897a 4500
001 8090
003 FISKH
005 20250822120515.0
008 250822b cb ||||| |||| 00| 0 eng d
020 _a9789995095550
040 _aFISKH
_bkhr
_cFISKH
_dFISKH
050 _aPZ7
100 _aMaly, Kheang
245 _aចៅចាក់ស្មុគ :
_bChowchaksmok /
_cរៀបរៀងដោយ លោកស្រី ឃាង ម៉ាលី ,​ អត្ថបទជាភាសាអង់គ្លេស លោក សឿន សោភ័ណ
260 _aភ្នំពេញ :
_bរោងពុម្ព គីមឡុង ,
_c2008,
300 _a16 pages :
_bcolor illustrations ;
_c30 cm .
505 _aM
520 _aមានបុរសកំសត់ម្នាក់ឈ្មោះ ចៅចាក់ស្មុគ ជាក្មេងកំព្រា ប្រកបរបរចាក់ស្មុគ និងកន្រ្តកលក់ ។​ ថ្ងៃមួយគាត់បានទៅចាក់ស្មុគនៅលើចុងត្នោត ក៏ភ្លាត់ជើងរៀបនឺងធ្លាក់ក៏មានទម័កមកជួយ ។ បុរសទាំងពីរ នៅតោងជាប់គ្នា​ ទៅណាមិនរួចក៏លេចចេញទំពែក៤នាក់ មកជួយ ។ ជាអកុសលទំពែកទាំង៤បានស្លាប់ដោយទង្គិចក្បាលគ្នាដោយសារការជួយបុរសទាំងពីរ ។ បុរសទាំំងណីរក៏សំពះស្មាលាទោស រួចក៏សែងសពទាំង៤យកទៅកប់ក្នុងព្រៃ ។​
520 _aThere was a poor man named Chau Chak Smok, an orphan who made a living by making trunk and pck of palm leave for sale. One day, while he was tapping a tree at the top of a sugar palm, he slipped and fell — but was caught and helped by another man. The two men ended up hanging onto each other, unable to get down.Suddenly, four bald men appeared to help them. Unfortunately, while trying to save the two men, the four bald men accidentally collided with each other and died from head injuries.The two men bowed their heads in apology and sorrow, then buried the four bald men in the forest.
521 8 _a550
_bLexile estiamte
521 8 _aM
_bRaz-Plus
650 _aចៅចាក់ស្មុគ
650 _aChao chak smok
700 _aBuntheourn, Kong
_eIllustrator
942 _2ddc
_cKHB
_n0
999 _c8090
_d8090